COMPUTER ALGORITHMS: CORRECTNESS PROOF AND PERFORMANCE ANALYSES. (Record no. 216929)
[ view plain ]
| 000 -LEADER | |
|---|---|
| fixed length control field | 00523nam a22001697a 4500 |
| 008 - FIXED-LENGTH DATA ELEMENTS--GENERAL INFORMATION | |
| fixed length control field | 260408b |||||||| |||| 00| 0 eng d |
| 020 ## - INTERNATIONAL STANDARD BOOK NUMBER | |
| International Standard Book Number | 978-93-91818-86-9 |
| 050 ## - LIBRARY OF CONGRESS CALL NUMBER | |
| Classification number | QA 76.9 .A43 M44 2025 |
| 100 ## - MAIN ENTRY--PERSONAL NAME | |
| Personal name | MEHTA, SASHANK K. |
| 245 ## - TITLE STATEMENT | |
| Title | COMPUTER ALGORITHMS: CORRECTNESS PROOF AND PERFORMANCE ANALYSES. |
| 260 ## - PUBLICATION, DISTRIBUTION, ETC. | |
| Place of publication, distribution, etc. | DELHI, |
| Name of publisher, distributor, etc. | PHI LEARNING PRIVATE COMPANY. |
| Date of publication, distribution, etc. | 2025. |
| 300 ## - PHYSICAL DESCRIPTION | |
| Extent | 453 P ILL |
| 500 ## - GENERAL NOTE | |
| General note | INCLUDES BIBLIOGRAPHY AND INDEX |
| 650 ## - SUBJECT ADDED ENTRY | |
| Topical term or geographic name entry element | COMPUTER ALGORITHMS. |
| 942 ## - ADDED ENTRY ELEMENTS (KOHA) | |
| Source of classification or shelving scheme | Library of Congress Classification |
| Koha item type | Long Loan Book |
| Withdrawn status | Lost status | Source of classification or shelving scheme | Damaged status | Not for loan | Collection | Home library | Current library | Shelving location | Date acquired | Inventory number | Total checkouts | Full call number | Barcode | Date last seen | Copy number | Price effective from | Koha item type |
|---|---|---|---|---|---|---|---|---|---|---|---|---|---|---|---|---|---|
| Library of Congress Classification | Science & Technology | Kisii University Library | Kisii University Library | On Display | 04/08/2026 | 112727 | QA 76.9 .A43 M44 2025 | a001197 | 04/08/2026 | 1 | 04/08/2026 | Long Loan Book | |||||
| Library of Congress Classification | Science & Technology | Kisii University Library | Kisii University Library | On Display | 04/08/2026 | 112728 | QA 76.9 .A43 M44 2025 | a001198 | 04/08/2026 | 2 | 04/08/2026 | Long Loan Book | |||||
| Library of Congress Classification | Science & Technology | Kisii University Library | Kisii University Library | On Display | 04/08/2026 | 112729 | QA 76.9 .A43 M44 2025 | a001196 | 04/08/2026 | 3 | 04/08/2026 | Long Loan Book | |||||
| Library of Congress Classification | Science & Technology | Kisii University Library | Kisii University Library | On Display | 04/08/2026 | 112730 | QA 76.9 .A43 M44 2025 | a001195 | 04/08/2026 | 4 | 04/08/2026 | Long Loan Book |